00936nam a22002657a 45000010005000000030006000050050017000110080041000280200018000690400029000870500015001160820011001311000027001422450064001692500026002332600043002593000045003025050007003475200200003545210019005545210018005736500024005916500023006157000032006384839FISKH20241017141035.0241017b cb ||||| |||| 00| 0 eng d a9780689823480 aFISKHbengcFISKHdFISKH aPZ7.H83727 a813.54 aHowe, Jamesd(1946–) aPinky and rex /cby James Howe illustrated by Melissa Sweet aFirst edition in 1998 aNew York :bAladdin Paperbacks,c1998. a40 pages :bColor illustrations ;c23 cm aJ  aRex and her best friend Pinky, each the proud possessor of twenty-seven stuffed animals or dinosaurs, find their visit to the museum and its gift shop complicated by Pinky's little sister Amanda.8 a490L bLexile 8 aJ bRaz-Plus  2FictionaFriendship 2MuseumsaDinosaurs aSweet, MelissadIllustrator